عرض عادي
عرض مارك
- بغدادي، عبد السلام،
دخول Personal Name
001 - CONTROL NUMBER
- control field: 26788
003 - CONTROL NUMBER IDENTIFIER
- control field: AE-AdECS
005 - DATE AND TIME OF LATEST TRANSACTION
- control field: 20260223092945.0
008 - FIXED-LENGTH DATA ELEMENTS
- fixed length control field: 260223|| aca||aabn | a|a d
040 ## - CATALOGING SOURCE
- Original cataloging agency: AE-AdECS
- Transcribing agency: AE-AdECS
100 ## - HEADING--PERSONAL NAME
- Personal name: بغدادي، عبد السلام،
670 ## - SOURCE DATA FOUND
- Source citation: Work cat.: (AE-AdECS)294253: الشراكة و المشاركة السياسية في الوطن العربي = Political Partnership and Participation in the Arab World /
